La era de los negocios electrónicos: cómo generar utilidades en la economía digital

Furkejuvvon:
Bibliográfalaš dieđut
Váldodahkkit: Tapscott, Don (Dahkki), Lowy, Alex (Dahkki), Ticoll, David (Dahkki)
Materiálatiipa: Girji
Giella:espánnjágiella
Almmustuhtton: Bogotá McGraw Hill Interamericana 1999
Fáttát:
Fáddágilkorat: Lasit fáddágilkoriid
Eai fáddágilkorat, Lasit vuosttaš fáddágilkora!

MARC

LEADER 00000nam a2200000 a 4500
001 UCP9198
003 CL-VaPUC
008 000324e19990000CK |||||||||||||||||spa|d
020 |a 9586009750 
082 0 4 |a 658.514  |b TAP  |2 21 
100 0 |a Tapscott, Don  |e author  |9 439620 
700 0 |a Lowy, Alex  |e author  |9 439621 
700 0 |a Ticoll, David  |e author  |9 439622 
245 1 3 |a La era de los negocios electrónicos: cómo generar utilidades en la economía digital 
300 |a 412 p 
942 |c BK 
945 |d 20000324 00:00:00  |a rbrito 
260 |a Bogotá  |b McGraw Hill Interamericana  |c 1999 
650 0 |a Comercio electrónico  |9 428366 
650 0 |a Internet   |9 254823 
650 7 |a EMPRESA DIGITAL  |2 CL-VaPUC  |9 439623 
650 0 |a Medios de comunicación  |9 257206 
650 0 |a Marketing  |9 259324 
583 |a last modification  |c 20000324 00:00:00  |k Rodrigo Vera 
999 |c 286038  |d 286036 
952 |0 0  |1 0  |4 0  |6 658_514000000000000_TAP_1999  |7 0  |8 A  |9 331283  |a BIBENE  |b BIBENE  |d 2019-11-20  |i 3580733  |o 658.514 TAP 1999  |p 3580733  |r 2025-01-15  |w 2019-11-20  |y BK  |k ICO